00813nam a2200241 a 450000100060000000300080000600500170001400800410003103500190007204000260009104100080011708200250012510000220015024501540017226000710032630000290039750000200042665000390044665000240048565000170050965000230052670000220054966340BD-RjUL20211209081527.0170315s1955 enk||||| |||| 001 0 eng d a(BD-RjUL)66470 aBD-RjULbengcBD-RjUL aeng 223a153.93bTEM 1955 aTerman, Lewis M.  aMeasuring intelligence :ba guide to the administration of the new revised Stanford-Binet tests of intelligence /cLewis M. Terman & Maud A. Merrill aLondon :bGeorgwe G. Harrap and company ltd.,c1937 [reprint 1955] a460 p. :bill. ;c19 cm. aIncludes index. aEducational tests and measurements aStanford-Binet Test aMental tests aIntelligence tests aMerrill, Maud A.